000 00592nam a2200205 a 4500
001 2403
005 20140414131916.0
008 050601s19uu xx 00 eng d
020 _a0-395-93746-9
050 _aER
_bH65 1995
100 _aMeddaugh, Susan
245 _aHog-eye /
_cSusan Meddaugh.
260 _aBoston :
_bHoughton Mifflin,
_c1995.
300 _a32 p. : ill. ; cm.
520 _aA young pig uses her ability to read to outwit a wolf that intends to eat her.
650 _aPigs
_xFiction.
650 _aWolves
_xFiction.
650 _aReading
_xFiction.
999 _c111461
_d111461